000 01353nam a2200169 a 4500
005 20250924131211.0
008 250923s2025##################000#0#eng##
020 _a9780521669733
082 0 4 _a577.072
_bFOR
100 _aFord, E. David
245 1 0 _aScientific Method For Ecological Research
_cE. David Ford
250 _a1st
260 _aCambridge
_bCambridge University Press
_c2000
500 _aScientists tend to take the thought processes that drive their research for granted, often learning them indirectly by observing their supervisors and colleagues. This book emphasizes the advantages of being explicit about these thought processes and aims to help those undertaking ecological research to develop a critical attitude to approaching a scientific problem and constructing a procedure for assessment. The outcome is a text that provides a framework for understanding methodological issues and which assists with the effective definition and planning of ecological research. As such, it represents a unique resource for anyone embarking on their research career. It also provides a valuable source of information for those more experienced researchers who are seeking to strengthen the methodology underlying their studies or who have an interest in the analysis of research methods in ecology.
650 _aBiology
942 _cENGLISH
999 _c589032
_d589032